| 000 | 00492nam a2200169Ia 4500 | ||
|---|---|---|---|
| 005 | 20250423094521.0 | ||
| 008 | 250422s9999 xx 000 0 und d | ||
| 020 | _a1573401609 | ||
| 050 | _aRC 669.9 .A834/ | ||
| 245 | 0 | _aAtlas of cardiovascular pathology for the clinician | |
| 260 | _aPhiladelphia | ||
| 260 | _bCurrent medicine | ||
| 260 | _c2001 | ||
| 300 | _a290 p | ||
| 650 | _aCardiovascular system--Diseases--Atlases Cardiovascular Diseases--pathology--Atlases. | ||
| 942 | _cBK | ||
| 999 |
_c27473 _d27473 |
||